Derecho penal empresarial

Detalles Bibliográficos
Autor principal: Humar Jaramillo, Fabio
Formato: eBook
Lenguaje:español
Publicado: Barcelona : Editorial vLex, 2015
Materias:
Acceso en línea:Acceso restringido

MARC

LEADER 00000nam a22000007a 4500
005 20151013165537.0
007 cr|||| ||||
008 151013s20159999co k||wos|||| 0|||b1spa d
035 |a 12890 
040 |a vLex 
090 |c 5602  |d 5602 
100 1 |a Humar Jaramillo, Fabio 
245 1 0 |a Derecho penal empresarial  |h [Recurso electrn̤ico] /  |c Fabio Humar Jaramillo 
256 |a Servicio en ln̕ea 
260 |a Barcelona :  |b Editorial vLex,  |c 2015 
300 |a 1 recurso electrn̤ico 
310 |a Actualizado continuamente 
500 |a El props̤ito de este manual es hacer que los empresarios tengan un panorama de las conductas penales existentes en Colombia que eventualmente podra̕n afectar su vida comercial y las de sus establecimientos, las penas a imponer por la comisin̤ de las mismas y las decisiones ms̀ trascendentales emitidas por la Corte Suprema de Justicia sobre cada delito en particular. El catl̀ogo de delitos que se va a tratar son de aquľlos en donde la empresa podra̕ verse afectada ya sea como sujeto activo o pasivo de la conducta, quiere ello decir, que as ̕como pueden ser vc̕timas dentro de un proceso penal tambiň pueden incurrir en el actuar delictivo; sobre el particular importa precisar que el hecho de desconocer la ley nunca servir ̀como excusa para infringirla. 
506 1 |a Disponible en los productos indicados  |d vLex Global  |d vLex Global (Academic Edition, excluding Law Schools)  |d vLex Global (U.S. Academic Edition, Law Schools)  |d vLex Global (U.S. Academic Edition, excluding Law Schools)  |d vLex Global (Academic Edition, Law Schools) 
650 0 4 |a Derecho penal  |z Colombia 
740 0 4 |a Prc̀ticos vLex (Servicio en ln̕ea) 
856 4 0 |u http://vlex.com/source/derecho-penal-empresarial-12890  |z Acceso restringido 
942 |c REV 
999 0 |a Criminal law